[Event "Cascais Honor"]
[Site "Cascais"]
[Date "2018.08.15"]
[Round "6"]
[White "Marques Godinho, Pedro"]
[Black "Sa, Claudio Simao Carva"]
[Result "1-0"]
[WhiteElo "1862"]
[BlackElo "1790"]
[PlyCount "151"]
[EventDate "2018.08.11"]
[EventType "tourn"]
[EventRounds "9"]
[EventCountry "POR"]
[SourceTitle "CBM 186 Extra"]
[Source "ChessBase"]
[SourceDate "2018.08.24"]
[SourceVersion "1"]
[SourceVersionDate "2018.08.24"]
[SourceQuality "1"]

1. d4 f5 2. Nf3 Nf6 3. Bg5 e6 4. Nbd2 Be7 5. g3 b6 6. Bg2 Bb7 7. 0-0 0-0 8. Ne5 Bxg2 9. Kxg2 d6 10. Nd3 Nc6 11. c3 e5 12. d5 Nb8 13. f3 Nbd7 14. e4 Nxd5 15. Qb3 Bxg5 16. Qxd5+ Kh8 17. f4 Nf6 18. Qc6 exf4 19. Nxf4 Bxf4 20. Rxf4 Ng4 21. Re1 Ne5 22. Qd5 c6 23. Qd4 fxe4 24. Rfxe4 Qf6 25. Rf1 Qg6 26. Ref4 Rxf4 27. Rxf4 Nd3 28. Rg4 Ne1+ 29. Kf1 Nc2 30. Rxg6 Nxd4 31. Rxd6 Rf8+ 32. Kg2 Nf5 33. Rxc6 Ne3+ 34. Kh3 h6 35. Rc7 Rf5 36. g4 Rf2 37. Rd7 Rg2 38. Nc4 Re2 39. Re7 Rc2 40. Rxe3 b5 41. Na3 Rxb2 42. Re7 a5 43. Ra7 a4 44. Nxb5 Rxa2 45. c4 Kg8 46. c5 Rc2 47. Ra8+ Kf7 48. Nd6+ Kg6 49. Ne4 Rc4 50. Ra6+ Kh7 51. Nd6 Rc3+ 52. Kg2 a3 53. c6 Rc2+ 54. Kf3 a2 55. Nb5 Rxc6 56. Rxa2 Rf6+ 57. Kg3 Rb6 58. Rb2 Rc6 59. Rb3 Rc4 60. Nd6 Rd4 61. Nf5 Rd7 62. Re3 Kg6 63. Kf4 Ra7 64. Re7 Ra4+ 65. Kg3 h5 66. Rxg7+ Kf6 67. h3 Ra3+ 68. Kh4 Rd3 69. Rb7 hxg4 70. hxg4 Rd1 71. Rb6+ Kf7 72. Kg5 Rd5 73. Rf6+ Kg8 74. Kg6 Rd8 75. Nh6+ Kh8 76. Nf7+ 1-0

[Event "Lisbon Portugal op"]
[Site "Lisbon"]
[Date "2017.02.07"]
[Round "6"]
[White "Sa, Claudio Simao Carva"]
[Black "Bebchuk, Leonid"]
[Result "0-1"]
[WhiteElo "1775"]
[BlackElo "2028"]
[PlyCount "144"]
[EventDate "2017.02.04"]
[EventType "swiss"]
[EventRounds "9"]
[EventCountry "POR"]
[SourceTitle "CBM 176 Extra"]
[Source "ChessBase"]
[SourceDate "2017.03.02"]
[SourceVersion "1"]
[SourceVersionDate "2017.03.02"]
[SourceQuality "1"]

1. e4 c5 2. Nc3 Nc6 3. f4 e6 4. Nf3 d5 5. Bb5 Nf6 6. e5 Nd7 7. Bxc6 bxc6 8. d3 Be7 9. 0-0 0-0 10. Qe1 f5 11. Qg3 Qe8 12. Ne2 Nb6 13. Qh3 c4 14. d4 a5 15. Kh1 Qg6 16. Rg1 Qg4 17. Qxg4 fxg4 18. Ne1 Bd7 19. c3 Be8 20. Nc2 Bg6 21. Ne3 h5 22. Bd2 Bd3 23. Nc1 Be4 24. Ne2 g6 25. Nd1 Kg7 26. Nf2 Bc2 27. Rac1 Bd3 28. Ng3 h4 29. Nf1 Bf5 30. g3 Rh8 31. Ne3 hxg3 32. Rxg3 Bh4 33. Nxf5+ gxf5 34. Rg2 Bxf2 35. Rxf2 Rh3 36. Rg1 Rah8 37. Rgg2 Rd3 38. Kg1 Rhh3 39. Be1 a4 40. Rd2 Rxd2 41. Rxd2 Rf3 42. Rf2 Re3 43. Kf1 Nd7 44. Re2 Rf3+ 45. Rf2 Rh3 46. Rg2 Nf8 47. Bg3 Ng6 48. b3 axb3 49. axb3 cxb3 50. Rb2 Nxf4 51. Bxf4 Rf3+ 52. Kg2 Rxf4 53. Rxb3 Rf3 54. Rb7+ Kg6 55. Re7 Rxc3 56. Rxe6+ Kg5 57. Re8 Rc2+ 58. Kg1 Kf4 59. Ra8 Re2 60. Ra6 c5 61. dxc5 Kxe5 62. Ra8 Rc2 63. Re8+ Kf4 64. Ra8 Rxc5 65. Ra4+ Rc4 66. Ra8 d4 67. Kf1 Rc1+ 68. Ke2 Rc2+ 69. Kd3 Rxh2 70. Kxd4 Rd2+ 71. Kc3 Rd7 72. Ra4+ Kg3 0-1

[Event "Coimbra Queima das Fitas op"]
[Site "Coimbra"]
[Date "2016.04.25"]
[Round "6"]
[White "Simoes, Miguel Patricio"]
[Black "Sa, Claudio Simao Carva"]
[Result "0-1"]
[WhiteElo "1503"]
[BlackElo "1759"]
[PlyCount "129"]
[EventDate "2016.04.22"]
[EventType "swiss"]
[EventRounds "7"]
[EventCountry "POR"]
[SourceTitle "EXT 2018"]
[Source "ChessBase"]
[SourceDate "2017.10.13"]
[SourceVersion "1"]
[SourceVersionDate "2017.10.13"]
[SourceQuality "1"]

1. e4 e6 2. d4 d5 3. exd5 exd5 4. Nf3 Bd6 5. Be2 Nf6 6. Nc3 c6 7. Bg5 Bf5 8. a3 Nbd7 9. Qd2 Qc7 10. h3 h6 11. Be3 g5 12. g4 Bg6 13. 0-0-0 0-0-0 14. Bd3 Bxd3 15. Qxd3 Qa5 16. Ne2 Ne4 17. Rhf1 b5 18. b4 Bxb4 19. Qb3 Qxa3+ 20. Qxa3 Bxa3+ 21. Kb1 Nb6 22. Ne5 Rdf8 23. f3 Nd6 24. Nxc6 Kb7 25. Ne5 Ndc4 26. Bg1 Bd6 27. Nc3 a6 28. Rfe1 Bb4 29. Rd3 Na3+ 30. Kb2 Bxc3+ 31. Rxc3 Na4+ 32. Kxa3 Nxc3 33. Kb4 Rc8 34. Nxf7 Rc4+ 35. Kb3 Rhc8 36. Nd6+ Kb6 37. Nxc8+ Rxc8 38. Re6+ Ka5 39. Bf2 b4 40. Be1 Rc4 41. Rxh6 Nb5 42. f4 Nxd4+ 43. Kb2 Rxc2+ 44. Kb1 Re2 45. Bg3 Rg2 46. fxg5 Rxg3 47. Rd6 Rxh3 48. Rxd5+ Nb5 49. g6 Rh8 50. Rd7 Rg8 51. g7 Nc3+ 52. Kc2 Ka4 53. Ra7 a5 54. Kd3 Nd5 55. Kd4 Nf6 56. Rf7 Nxg4 57. Rb7 Nf6 58. Kc4 Nh5 59. Rb5 Nxg7 60. Rg5 Rc8+ 61. Kd3 Ne6 62. Rg1 Rc3+ 63. Kd2 Nd4 64. Rb1 Nb3+ 65. Kd1 0-1

[Event "Coimbra Queima das Fitas op"]
[Site "Coimbra"]
[Date "2016.04.23"]
[Round "2"]
[White "Sa, Claudio Simao Carva"]
[Black "Martins, Jose Carlos Caetano"]
[Result "1-0"]
[WhiteElo "1759"]
[BlackElo "1152"]
[PlyCount "67"]
[EventDate "2016.04.22"]
[EventType "swiss"]
[EventRounds "7"]
[EventCountry "POR"]
[SourceTitle "EXT 2018"]
[Source "ChessBase"]
[SourceDate "2017.10.13"]
[SourceVersion "1"]
[SourceVersionDate "2017.10.13"]
[SourceQuality "1"]

1. e4 c5 2. Nc3 g6 3. f4 d6 4. Nf3 Nc6 5. Bb5 Bd7 6. Bxc6 Bxc6 7. d3 Bg7 8. 0-0 Nf6 9. Qe1 Qd7 10. Bd2 0-0-0 11. Rb1 h5 12. a3 Bh6 13. b4 b6 14. bxc5 dxc5 15. Ne5 Qe8 16. a4 Ng4 17. Nxc6 Qxc6 18. a5 Qd6 19. Nb5 Qd7 20. axb6 axb6 21. e5 Bg7 22. Qe4 Qd5 23. Qxd5 Rxd5 24. Nc3 Rd7 25. Rxb6 Rb7 26. Rfb1 Rxb6 27. Rxb6 f6 28. h3 Kc7 29. Rb5 Nh6 30. Rxc5+ Kb6 31. Be3 Kb7 32. Nd5 fxe5 33. Rc7+ Kb8 34. Ba7+ 1-0

[Event "Portugal op"]
[Site "Oeiras"]
[Date "2015.09.03"]
[Round "7"]
[White "Santos, Jose Alves"]
[Black "Sa, Claudio Simao Carva"]
[Result "1-0"]
[WhiteElo "2205"]
[BlackElo "1714"]
[PlyCount "69"]
[EventDate "2015.08.30"]
[EventType "swiss"]
[EventRounds "9"]
[EventCountry "POR"]
[SourceTitle "EXT 2016"]
[Source "ChessBase"]
[SourceDate "2015.10.08"]
[SourceVersion "1"]
[SourceVersionDate "2015.10.08"]
[SourceQuality "1"]

1. e4 e6 2. d3 d5 3. Nd2 Nf6 4. Ngf3 c5 5. g3 Nc6 6. Bg2 b6 7. 0-0 Bb7 8. Re1 Be7 9. c3 Qc7 10. Nf1 0-0-0 11. e5 Nd7 12. d4 h6 13. a4 g5 14. Be3 f5 15. exf6 Nxf6 16. a5 Ng4 17. axb6 axb6 18. dxc5 bxc5 19. Bh3 Nxe3 20. Rxe3 d4 21. Rxe6 Kb8 22. Qa4 Rd6 23. cxd4 Rxe6 24. Bxe6 cxd4 25. Nxd4 Bc5 26. Nxc6+ Bxc6 27. Qb3+ Bb7 28. Bd5 Rf8 29. Ne3 Bb6 30. Qb4 Rf6 31. Qe4 Bxe3 32. Qe8+ Qc8 33. Qxe3 Ra6 34. Rxa6 Bxa6 35. Qb6+ 1-0

[Event "Portugal op"]
[Site "Oeiras"]
[Date "2015.08.30"]
[Round "1"]
[White "Pais, David Seguro Matos "]
[Black "Sa, Claudio Simao Carva"]
[Result "0-1"]
[WhiteElo "1172"]
[BlackElo "1714"]
[PlyCount "134"]
[EventDate "2015.08.30"]
[EventType "swiss"]
[EventRounds "9"]
[EventCountry "POR"]
[SourceTitle "EXT 2016"]
[Source "ChessBase"]
[SourceDate "2015.10.08"]
[SourceVersion "1"]
[SourceVersionDate "2015.10.08"]
[SourceQuality "1"]

1. d4 d5 2. c4 c6 3. Nc3 Nf6 4. Bg5 a6 5. e3 b5 6. cxd5 cxd5 7. Rc1 Bf5 8. Nf3 Nbd7 9. Bd3 Bxd3 10. Qxd3 b4 11. Ne2 Ne4 12. Bf4 Qa5 13. Qb3 e6 14. 0-0 Bd6 15. Bxd6 Nxd6 16. Nd2 0-0 17. Rfd1 Rfc8 18. f3 Qb5 19. Kf2 a5 20. a3 bxa3 21. Qxa3 Qb4 22. Qxb4 axb4 23. Nf4 Ra2 24. Rxc8+ Nxc8 25. Rb1 Ncb6 26. Nd3 Na4 27. Nxb4 Rxb2 28. Rxb2 Nxb2 29. Ke2 Kf8 30. e4 dxe4 31. fxe4 Na4 32. Kd3 e5 33. d5 Ndb6 34. Nb3 Ke7 35. Nc6+ Kd6 36. Nba5 Nc5+ 37. Ke3 f5 38. exf5 Nxd5+ 39. Ke2 e4 40. Nd4 Nf4+ 41. Kf2 Kd5 42. Nab3 Ncd3+ 43. Kf1 Kc4 44. g3 Nd5 45. Ke2 Nc3+ 46. Ke3 Ne5 47. Na5+ Kd5 48. Nab3 Nc4+ 49. Kf2 e3+ 50. Ke1 Nd2 51. Nxd2 exd2+ 52. Kxd2 Kxd4 53. Ke1 Ke4 54. Kf2 Kxf5 55. Kf3 h5 56. h3 Nd5 57. Kf2 g6 58. Kf3 g5 59. g4+ hxg4+ 60. hxg4+ Ke5 61. Kg3 Ke4 62. Kh3 Kf4 63. Kg2 Kxg4 64. Kg1 Kf3 65. Kh2 g4 66. Kg1 Nf4 67. Kf1 Ne2 0-1

[Event "POR-chT"]
[Site "Porto"]
[Date "2015.08.22"]
[Round "9.3"]
[White "Martins, David Pires Tavares"]
[Black "Sa, Claudio Simao Carva"]
[Result "1-0"]
[WhiteElo "2334"]
[BlackElo "1714"]
[PlyCount "33"]
[EventDate "2015.08.16"]
[EventType "team-tourn"]
[EventRounds "9"]
[EventCountry "POR"]
[SourceTitle "EXT 2016"]
[Source "ChessBase"]
[SourceDate "2015.10.08"]
[SourceVersion "1"]
[SourceVersionDate "2015.10.08"]
[SourceQuality "1"]
[WhiteTeam "Dias Ferreira"]
[BlackTeam "S Joao da Madeira"]
[WhiteTeamCountry "POR"]
[BlackTeamCountry "POR"]

1. Nf3 Nf6 2. g3 g6 3. b3 Bg7 4. Bb2 d6 5. d4 0-0 6. Bg2 Bf5 7. 0-0 Qc8 8. Re1 Nc6 9. Nbd2 Re8 10. d5 Nxd5 11. Bxg7 Kxg7 12. e4 Nc3 13. Qc1 Nxe4 14. Nxe4 d5 15. Nc5 Nb4 16. Qb2+ Kg8 17. Nd4 1-0

[Event "POR-ch U20"]
[Site "Luso"]
[Date "2015.07.26"]
[Round "7"]
[White "Oliveira, Maria Ines"]
[Black "Sa, Claudio Simao Carva"]
[Result "1/2-1/2"]
[WhiteElo "2027"]
[BlackElo "1734"]
[PlyCount "53"]
[EventDate "2015.07.22"]
[EventType "swiss"]
[EventRounds "7"]
[EventCountry "POR"]
[SourceTitle "EXT 2018"]
[Source "ChessBase"]
[SourceDate "2017.10.13"]
[SourceVersion "1"]
[SourceVersionDate "2017.10.13"]
[SourceQuality "1"]

1. e4 e6 2. d4 d5 3. e5 c5 4. Nf3 Nc6 5. Bd3 Bd7 6. 0-0 Nge7 7. Bf4 Ng6 8. Bg3 cxd4 9. Nbd2 Bc5 10. Nb3 Bb6 11. Re1 0-0 12. h4 Nb4 13. Bxg6 hxg6 14. Nbxd4 Nc6 15. Ne2 Ne7 16. Bf4 Bb5 17. Ng3 Rc8 18. a4 Be8 19. h5 Rc4 20. Bg5 Rg4 21. a5 Bc5 22. Ne4 Qc7 23. Nxc5 Qxc5 24. Be3 Qb4 25. Bxa7 gxh5 26. c3 Qxb2 27. Bc5 1/2-1/2

[Event "Lisbon Christmas op"]
[Site "Lisbon"]
[Date "2014.12.30"]
[Round "8"]
[White "Sa, Claudio Simao Carva"]
[Black "Surender, Anil"]
[Result "1-0"]
[WhiteElo "1710"]
[BlackElo "2032"]
[PlyCount "55"]
[EventDate "2014.12.26"]
[EventType "swiss"]
[EventRounds "9"]
[EventCountry "POR"]
[SourceTitle "EXT 2018"]
[Source "ChessBase"]
[SourceDate "2017.10.13"]
[SourceVersion "1"]
[SourceVersionDate "2017.10.13"]
[SourceQuality "1"]

1. e4 g6 2. Nc3 Bg7 3. f4 d6 4. Nf3 a6 5. Bc4 e6 6. d3 Ne7 7. 0-0 b5 8. Bb3 c5 9. a4 b4 10. Ne2 Nbc6 11. Qe1 a5 12. Qg3 Ba6 13. f5 exf5 14. Ng5 d5 15. exd5 Nxd5 16. Nf4 Nxf4 17. Bxf7+ Kd7 18. Bxf4 Kc8 19. Be6+ Kb7 20. Nf7 Qd4+ 21. Kh1 Qxb2 22. Nxh8 Rxh8 23. Bd5 Qxc2 24. Rae1 Qxd3 25. Re7+ Kb6 26. Bc7+ Ka7 27. Bb6+ Ka8 28. Bxc6+ 1-0

[Event "Madeira AEJ op 11th"]
[Site "Sao Joao da Madeira"]
[Date "2014.10.06"]
[Round "4"]
[White "Sa, Claudio Simao Carva"]
[Black "Costa, Rui Filipe Magalhae"]
[Result "0-1"]
[WhiteElo "1726"]
[BlackElo "1991"]
[PlyCount "114"]
[EventDate "2014.10.04"]
[EventType "swiss"]
[EventRounds "7"]
[EventCountry "POR"]
[SourceTitle "EXT 2018"]
[Source "ChessBase"]
[SourceDate "2017.10.13"]
[SourceVersion "1"]
[SourceVersionDate "2017.10.13"]
[SourceQuality "1"]

1. e4 g6 2. Nc3 Bg7 3. f4 d6 4. Nf3 c5 5. Bb5+ Bd7 6. Bxd7+ Qxd7 7. d3 Nf6 8. 0-0 0-0 9. Qe1 Nc6 10. Qh4 Qg4 11. Qxg4 Nxg4 12. h3 Nf6 13. Be3 a6 14. a3 b5 15. Rab1 Nd7 16. g4 b4 17. axb4 Nxb4 18. Rf2 Rab8 19. e5 Nc6 20. exd6 Bxc3 21. dxe7 Nxe7 22. Ra1 Bxb2 23. Rxa6 Nd5 24. Bd2 N7b6 25. f5 Ra8 26. Rxa8 Rxa8 27. c4 Nf6 28. Be3 Na4 29. fxg6 fxg6 30. Ng5 Be5 31. Ra2 Bd6 32. Ne6 Re8 33. Rxa4 Rxe6 34. Bh6 Bf8 35. Bg5 h6 36. Bxf6 Rxf6 37. Kg2 Rb6 38. Ra8 Rb2+ 39. Kg3 Rd2 40. Rd8 Kf7 41. h4 Be7 42. Rd5 Ke6 43. h5 g5 44. Kf3 Rh2 45. d4 cxd4 46. Rxd4 Rh3+ 47. Kg2 Re3 48. Kh2 Bd6+ 49. Kg2 Be5 50. Rd8 Rg3+ 51. Kf2 Rxg4 52. c5 Rc4 53. Rg8 Kd5 54. Rg6 Rf4+ 55. Ke3 Rf6 56. Rg8 Bd4+ 57. Kd3 Bxc5 0-1

[Event "St Joao da Madeira op 10th"]
[Site "Sao Joao da Madeira"]
[Date "2013.10.13"]
[Round "7.22"]
[White "Gomes, Hugo Antonio Alexan"]
[Black "Sa, Claudio Simao Carva"]
[Result "1/2-1/2"]
[WhiteElo "1574"]
[BlackElo "1715"]
[PlyCount "41"]
[EventDate "2013.10.05"]
[EventType "swiss"]
[EventRounds "7"]
[EventCountry "POR"]
[SourceTitle "EXT 2015"]
[Source "ChessBase"]
[SourceDate "2014.11.20"]
[SourceVersion "1"]
[SourceVersionDate "2014.11.20"]
[SourceQuality "1"]

1. e4 e6 2. Nf3 d5 3. e5 c5 4. d4 Qb6 5. Bd3 Bd7 6. dxc5 Bxc5 7. 0-0 Bb5 8. Nc3 Bxd3 9. Qxd3 Ne7 10. b4 Qxb4 11. Rb1 Qc4 12. Qxc4 dxc4 13. Ne4 b6 14. Nxc5 bxc5 15. Nd2 0-0 16. Nxc4 Nd5 17. Ne3 Nc3 18. Ra1 Ne2+ 19. Kh1 Nxc1 20. Raxc1 Nc6 21. Nc4 1/2-1/2

[Event "St Joao da Madeira op 10th"]
[Site "Sao Joao da Madeira"]
[Date "2013.10.12"]
[Round "5.18"]
[White "Santos, Jose Miguel Sereno"]
[Black "Sa, Claudio Simao Carva"]
[Result "0-1"]
[WhiteElo "1460"]
[BlackElo "1715"]
[PlyCount "140"]
[EventDate "2013.10.05"]
[EventType "swiss"]
[EventRounds "7"]
[EventCountry "POR"]
[SourceTitle "EXT 2015"]
[Source "ChessBase"]
[SourceDate "2014.11.20"]
[SourceVersion "1"]
[SourceVersionDate "2014.11.20"]
[SourceQuality "1"]

1. e4 e6 2. d4 d5 3. exd5 exd5 4. Bd3 Nc6 5. Ne2 Bd6 6. Nbc3 Be6 7. Be3 Qd7 8. Qd2 0-0-0 9. 0-0-0 f5 10. Bf4 Bxf4 11. Qxf4 Nb4 12. Kb1 Nxd3 13. Rxd3 Nf6 14. f3 Rhg8 15. Qd2 Bf7 16. Nd1 Qe6 17. Ra3 Kb8 18. Qa5 Qb6 19. Qxb6 axb6 20. Re1 g5 21. Re3 Rde8 22. Nec3 Rxe3 23. Rxe3 f4 24. Re7 Bh5 25. Re6 Rf8 26. h3 c6 27. Na4 Kc7 28. c3 Be8 29. b3 Bd7 30. Re5 Rg8 31. Nf2 h5 32. Nb2 g4 33. hxg4 hxg4 34. Nbd3 gxf3 35. gxf3 Rg3 36. Nxf4 Rxf3 37. N2d3 Ng4 38. Re2 Bf5 39. Kc1 Bxd3 40. Re7+ Kb8 41. Re8+ Ka7 42. Nxd3 Rxd3 43. Rg8 Rxc3+ 44. Kd2 Rg3 45. Ke1 Rg2 46. a3 Ne3 47. Rxg2 Nxg2+ 48. Kf2 Nf4 49. Ke3 Ne6 50. b4 Ka6 51. a4 c5 52. dxc5 bxc5 53. bxc5 Nxc5 54. Kd4 Nxa4 55. Kxd5 Kb5 56. Kd4 Kb4 57. Kd3 b5 58. Kc2 Kc4 59. Kb1 b4 60. Kc2 b3+ 61. Kb1 Kc3 62. Kc1 b2+ 63. Kb1 Nc5 64. Ka2 Kc2 65. Ka3 Nd3 66. Ka4 b1Q 67. Ka5 Kc3 68. Ka6 Kc4 69. Ka7 Kc5 70. Ka6 Qb6# 0-1

[Event "St Joao da Madeira op 10th"]
[Site "Sao Joao da Madeira"]
[Date "2013.10.05"]
[Round "2.11"]
[White "Sa, Claudio Simao Carva"]
[Black "Sousa, Nuno Miguel Vale"]
[Result "0-1"]
[WhiteElo "1715"]
[BlackElo "1959"]
[PlyCount "74"]
[EventDate "2013.10.05"]
[EventType "swiss"]
[EventRounds "7"]
[EventCountry "POR"]
[SourceTitle "EXT 2015"]
[Source "ChessBase"]
[SourceDate "2014.11.20"]
[SourceVersion "1"]
[SourceVersionDate "2014.11.20"]
[SourceQuality "1"]

1. e4 c5 2. Nc3 g6 3. f4 Bg7 4. Nf3 Nc6 5. Bb5 Nd4 6. Nxd4 cxd4 7. Ne2 e6 8. 0-0 Ne7 9. d3 0-0 10. Qe1 d5 11. e5 Qb6 12. Ba4 f6 13. Bd2 fxe5 14. fxe5 Rxf1+ 15. Qxf1 Bxe5 16. Be8 Nf5 17. g4 Qd8 18. gxf5 Qxe8 19. fxg6 Qxg6+ 20. Qg2 Bd7 21. Qxg6+ hxg6 22. Bf4 Bf6 23. Rc1 e5 24. Bd2 Bb5 25. Rf1 Rf8 26. Re1 Rc8 27. Rc1 e4 28. Nf4 Bg5 29. c4 e3 30. Bxe3 dxe3 31. Nxd5 Bc6 32. h4 Bxd5 33. hxg5 Bf3 34. Re1 Re8 35. Kh2 e2 36. Kg3 Bh5 37. b3 Re3+ 0-1